[Event "EYCC 2017"]
[Site "Mamaia"]
[Date "2017.09.09"]
[Round "5"]
[White "Domingo Nunez, Alejandro"]
[Black "Vykouk, Jan"]
[Result "0-1"]
[WhiteElo "2321"]
[BlackElo "2440"]
[Annotator "TA"]
[PlyCount "76"]
[EventDate "2017.??.??"]
[EventType "swiss"]
[EventCountry "ROU"]
[SourceTitle "playchess.com"]
[Source "ChessBase"]
[SourceQuality "1"]

1. e4 c5 2. Nf3 d6 3. d4 cxd4 4. Nxd4 Nf6 5. Nc3 a6 6. f3 e5 7. Nb3 Be6 8. Be3 Be7 9. Qd2 O-O 10. O-O-O Nbd7 11. g4 b5 12. g5 b4 13. gxf6 bxc3 14. Qxc3 Nxf6 15. Na5 Rc8 16. Nc6 Qc7 17. Nxe7+ Qxe7 18. Qa5 Rc6 19. Rg1 Rfc8 20. c3 Qb7 21. Bd3 g6 22. Bc2 Rb8 23. Qa3 Bc4 24. Rxd6 Rxd6 25. Qxd6 Qxb2+ 26. Kd2 Ne8 27. Qxe5 Rd8+ 28. Bd4 f6 29. Qc5 Bxa2 30. Kd3 Ng7 31. Qe7 Bc4+ 32. Ke3 Rxd4 33. cxd4 Qc3+ 34. Kf4 Qd2+ 35. Kg3 Nh5+ 36. Kh3 Nf4+ 37. Kg3 Ne2+ 38. Kg2 Qg5+ 0-1

[Event "EYCC 2017"]
[Site "Mamaia"]
[Date "2017.09.09"]
[Round "5"]
[White "Kucuksari, Kaan"]
[Black "Mukhutdinov, Tigran"]
[Result "1-0"]
[WhiteElo "2319"]
[BlackElo "2227"]
[Annotator "TA"]
[PlyCount "101"]
[EventDate "2017.??.??"]
[EventType "swiss"]
[EventCountry "ROU"]
[SourceTitle "playchess.com"]
[Source "ChessBase"]
[SourceQuality "1"]

1. d4 d5 2. Nf3 e6 3. c4 c6 4. Qc2 dxc4 5. Qxc4 b5 6. Qc2 Bb7 7. g3 Nd7 8. Bg2 c5 9. O-O Ngf6 10. a4 a6 11. Bg5 c4 12. Ne5 Bxg2 13. Kxg2 Nb6 14. axb5 axb5 15. Nc3 b4 16. Ne4 Be7 17. Bxf6 gxf6 18. Nc6 Qd5 19. Rxa8+ Nxa8 20. Qa4 Qxe4+ 21. f3 Qd5 22. Nxb4+ Qd7 23. Qxa8+ Bd8 24. Rc1 O-O 25. Rxc4 Be7 26. Qc6 Qa7 27. Nd3 Qa5 28. Qc7 Qd2 29. Rc2 Qd1 30. Kf2 Bd8 31. Rc1 Qa4 32. Qc4 Qa7 33. Kg2 Be7 34. Qc7 Qxc7 35. Rxc7 Bd6 36. Rd7 Bb8 37. d5 Rc8 38. dxe6 fxe6 39. Nc5 Be5 40. Nxe6 Rc2 41. Kf2 Rxb2 42. f4 Bb8 43. Rg7+ Kh8 44. Rf7 h5 45. Rxf6 Kh7 46. Kf3 Rb1 47. h4 Rf1+ 48. Ke4 Rg1 49. Rf7+ Kg6 50. Ng5 Bxf4 51. gxf4 1-0

[Event "EYCC 2017"]
[Site "Mamaia"]
[Date "2017.09.09"]
[Round "5"]
[White "Giannoulakis, Lampros"]
[Black "Esipenko, Andrey"]
[Result "1/2-1/2"]
[WhiteElo "2315"]
[BlackElo "2540"]
[Annotator "TA"]
[PlyCount "45"]
[EventDate "2017.??.??"]
[EventType "swiss"]
[EventCountry "ROU"]
[SourceTitle "playchess.com"]
[Source "ChessBase"]
[SourceQuality "1"]

1. d4 Nf6 2. c4 e6 3. Nc3 Bb4 4. e3 b6 5. Bd3 Bb7 6. Nf3 Ne4 7. O-O Bxc3 8. bxc3 f5 9. Ba3 Nxc3 10. Qc2 Ne4 11. d5 c5 12. Bxe4 fxe4 13. Qxe4 O-O 14. Bb2 exd5 15. cxd5 d6 16. Rad1 Bc8 17. Nd2 Na6 18. Qc4 Nc7 19. Qc3 Rf7 20. e4 Ba6 21. Rfe1 Qf6 22. Qxf6 gxf6 23. f4 1/2-1/2

[Event "EYCC 2017"]
[Site "Mamaia"]
[Date "2017.09.09"]
[Round "5"]
[White "Kouskoutis, Georgios-Alexandros"]
[Black "Sorokin, Aleksey"]
[Result "1-0"]
[WhiteElo "2314"]
[BlackElo "2486"]
[Annotator "TA"]
[PlyCount "121"]
[EventDate "2017.??.??"]
[EventType "swiss"]
[EventCountry "ROU"]
[SourceTitle "playchess.com"]
[Source "ChessBase"]
[SourceQuality "1"]

1. c4 e5 2. g3 Nf6 3. Bg2 d5 4. cxd5 Nxd5 5. Nf3 Nc6 6. O-O Nb6 7. b3 g6 8. Nc3 Bg7 9. Ba3 a5 10. Rc1 Nb4 11. Ne1 O-O 12. Nc2 Qe7 13. Ne3 c6 14. Nc4 Nd7 15. Bb2 Rd8 16. a3 Na6 17. Nxa5 e4 18. b4 f5 19. Qb3+ Kh8 20. d3 e3 21. Nd1 exf2+ 22. Nxf2 Nf6 23. e4 Be6 24. Qc2 Rab8 25. exf5 Bxf5 26. Rce1 Qd7 27. Ne4 Ng4 28. h3 Ne5 29. d4 Nf7 30. Nb3 Ng5 31. h4 Bxe4 32. Bxe4 Nxe4 33. Qxe4 Re8 34. Qf3 Rxe1 35. Rxe1 b6 36. Qg2 Nc7 37. Nc1 Re8 38. Rxe8+ Qxe8 39. Qe2 Qd7 40. Qe4 Nb5 41. Ne2 Nd6 42. Qf3 Kg8 43. Qb3+ Kf8 44. d5 cxd5 45. Bxg7+ Kxg7 46. Qxd5 Qe7 47. Qd4+ Kg8 48. Kf2 b5 49. Nf4 Nf5 50. Qc5 Qe8 51. h5 Kg7 52. Qc3+ Kh6 53. hxg6 hxg6 54. Qc1 Kh7 55. g4 Nh6 56. g5 Nf7 57. Qc7 Kg7 58. Qc3+ Kh7 59. Nd5 Qe6 60. Nf6+ Kg7 61. Nd7+ 1-0

[Event "EYCC 2017"]
[Site "Mamaia"]
[Date "2017.09.09"]
[Round "5"]
[White "Akhvlediani, Irakli"]
[Black "Thybo, Jesper Sondergaard"]
[Result "0-1"]
[WhiteElo "2303"]
[BlackElo "2466"]
[Annotator "TA"]
[PlyCount "48"]
[EventDate "2017.??.??"]
[EventType "swiss"]
[EventCountry "ROU"]
[SourceTitle "playchess.com"]
[Source "ChessBase"]
[SourceQuality "1"]

1. d4 Nf6 2. c4 e6 3. Nf3 d5 4. g3 Bb4+ 5. Bd2 Be7 6. Bg2 O-O 7. O-O Nbd7 8. Qc2 c6 9. Bf4 b6 10. Rc1 Bb7 11. cxd5 Nxd5 12. Bd2 c5 13. Nc3 Rc8 14. Nxd5 Bxd5 15. Qa4 Nf6 16. Bf4 Ne4 17. Rd1 c4 18. Nd2 Nxd2 19. Rxd2 g5 20. Be3 f5 21. Bxd5 exd5 22. f4 g4 23. Qxa7 Ra8 24. Qb7 Qd6 0-1

[Event "EYCC 2017"]
[Site "Mamaia"]
[Date "2017.09.09"]
[Round "5"]
[White "Olsen, Filip Boe"]
[Black "Sargsyan, Shant"]
[Result "0-1"]
[WhiteElo "2279"]
[BlackElo "2436"]
[Annotator "TA"]
[PlyCount "90"]
[EventDate "2017.??.??"]
[EventType "swiss"]
[EventCountry "ROU"]
[SourceTitle "playchess.com"]
[Source "ChessBase"]
[SourceQuality "1"]

1. d4 Nf6 2. c4 g6 3. Nc3 d5 4. cxd5 Nxd5 5. e4 Nxc3 6. bxc3 Bg7 7. Be3 c5 8. Rc1 Qa5 9. Qd2 O-O 10. Nf3 Rd8 11. d5 e6 12. Bg5 f6 13. c4 Qxd2+ 14. Bxd2 b6 15. Bd3 Na6 16. O-O Nc7 17. Be3 Ne8 18. Nd2 Ba6 19. a4 f5 20. Rfe1 Nf6 21. Bg5 h6 22. Bxf6 Bxf6 23. exf5 exd5 24. fxg6 Bg5 25. Red1 Bxd2 26. Rxd2 dxc4 27. Be4 Rxd2 28. Bxa8 c3 29. Be4 Be2 30. Bc2 c4 31. h4 a6 32. Kh2 b5 33. axb5 axb5 34. Bf5 Bd3 35. Bxd3 Rxd3 36. h5 b4 37. Ra1 c2 38. Ra8+ Kg7 39. Ra7+ Kf6 40. Ra6+ Kf5 41. Ra5+ Ke4 42. f3+ Ke3 43. Re5+ Kf2 44. g7 Rd8 45. Rd5 c1=Q 0-1

[Event "EYCC 2017"]
[Site "Mamaia"]
[Date "2017.09.09"]
[Round "5"]
[White "Diakonova, Ekaterina"]
[Black "Jorge, Rita Maria Osorio"]
[Result "1/2-1/2"]
[WhiteElo "2276"]
[BlackElo "1923"]
[Annotator "TA"]
[PlyCount "62"]
[EventDate "2017.??.??"]
[EventType "swiss"]
[EventCountry "ROU"]
[SourceTitle "playchess.com"]
[Source "ChessBase"]
[SourceQuality "1"]

1. e4 c5 2. Nf3 Nc6 3. d4 cxd4 4. Nxd4 g6 5. Be3 Nf6 6. Nc3 Bg7 7. f3 O-O 8. Bc4 Qb6 9. Ncb5 a6 10. Nf5 Qa5+ 11. Bd2 Qd8 12. Nh6+ Bxh6 13. Bxh6 axb5 14. Bxf8 bxc4 15. Bh6 d5 16. exd5 Nxd5 17. O-O Be6 18. Kh1 Qb6 19. Qc1 Nd4 20. Rd1 Ne2 21. Qd2 Qf2 22. Rf1 Qh4 23. Qxe2 Qxh6 24. b3 c3 25. a4 Qe3 26. Qb5 b6 27. Rad1 Nf4 28. Qb4 Nd5 29. Qb5 Nf4 30. Qb4 Nd5 31. Qb5 Nf4 1/2-1/2

[Event "EYCC 2017"]
[Site "Mamaia"]
[Date "2017.09.09"]
[Round "5"]
[White "Cvitan, Ena"]
[Black "Aciu, Malina-Andreea"]
[Result "1-0"]
[WhiteElo "2270"]
[BlackElo "2058"]
[Annotator "TA"]
[PlyCount "61"]
[EventDate "2017.??.??"]
[EventType "swiss"]
[EventCountry "ROU"]
[SourceTitle "playchess.com"]
[Source "ChessBase"]
[SourceQuality "1"]

1. d4 Nf6 2. c4 e6 3. Nc3 Bb4 4. a3 Bxc3+ 5. bxc3 c5 6. e3 O-O 7. Bd3 b6 8. Ne2 Nc6 9. O-O d6 10. Ng3 Ba6 11. Qe2 Rc8 12. Bb2 Na5 13. Rac1 Qd7 14. e4 Qa4 15. e5 dxe5 16. dxe5 Nd7 17. Nh5 Nxc4 18. Qg4 g6 19. Nf6+ Nxf6 20. exf6 Nxb2 21. Qg5 Kh8 22. Qh6 Rg8 23. Bxa6 Qxa6 24. Rce1 g5 25. Re3 Rg6 26. Qh5 Nc4 27. Rh3 h6 28. Rd1 Rf8 29. Rd7 Qb5 30. Qxg6 fxg6 31. Rxh6+ 1-0

[Event "EYCC 2017"]
[Site "Mamaia"]
[Date "2017.09.09"]
[Round "5"]
[White "Krstulovic, Alex"]
[Black "Zachary, Matheo"]
[Result "1/2-1/2"]
[WhiteElo "2261"]
[BlackElo "2325"]
[Annotator "TA"]
[PlyCount "77"]
[EventDate "2017.??.??"]
[EventType "swiss"]
[EventCountry "ROU"]
[SourceTitle "playchess.com"]
[Source "ChessBase"]
[SourceQuality "1"]

1. d4 d5 2. c4 c6 3. cxd5 cxd5 4. Bf4 Nc6 5. e3 Nf6 6. Nc3 Bg4 7. Qb3 Na5 8. Qa4+ Bd7 9. Qc2 e6 10. Nf3 Be7 11. h3 Ne4 12. Bd3 f5 13. O-O Nc6 14. a3 Rc8 15. Ne5 O-O 16. Nxc6 Bxc6 17. Rfc1 Qb6 18. Qe2 Bd7 19. Nb5 Nd6 20. Nxd6 Bxd6 21. Bxd6 Qxd6 22. f4 Qb6 23. b4 Ba4 24. Rc5 Bd7 25. Rac1 Qd6 26. Qc2 a6 27. Qc3 Rfd8 28. Rc2 Kf8 29. Qb3 Rc6 30. a4 Rdc8 31. Qa3 Ke8 32. b5 axb5 33. axb5 R6c7 34. R2c3 Ke7 35. b6 Rxc5 36. dxc5 Qc6 37. g4 g6 38. Qb2 Ra8 39. Rc1 1/2-1/2

[Event "EYCC 2017"]
[Site "Mamaia"]
[Date "2017.09.09"]
[Round "5"]
[White "Sevgi, Volkan"]
[Black "Janik, Igor"]
[Result "0-1"]
[WhiteElo "2240"]
[BlackElo "2418"]
[Annotator "TA"]
[PlyCount "112"]
[EventDate "2017.??.??"]
[EventType "swiss"]
[EventCountry "ROU"]
[SourceTitle "playchess.com"]
[Source "ChessBase"]
[SourceQuality "1"]

1. e4 c5 2. Nc3 Nc6 3. g3 g6 4. Bg2 Bg7 5. d3 d6 6. Be3 Nf6 7. h3 O-O 8. Qd2 Nd4 9. Nd1 e5 10. Bg5 b5 11. c3 Ne6 12. Bxf6 Bxf6 13. Ne3 Bb7 14. Ne2 Bg7 15. O-O f5 16. f4 exf4 17. gxf4 Bh6 18. a4 a6 19. Rf2 Kh8 20. exf5 Bxg2 21. fxe6 Bb7 22. d4 Qh4 23. Raf1 g5 24. Kh2 gxf4 25. Ng4 Rf5 26. Nxh6 Qxh6 27. Nxf4 Rg8 28. dxc5 dxc5 29. Rg1 Rfg5 30. Re1 Qh4 31. Qe3 Rg3 32. Qe5+ R3g7 33. Nd3 Qh5 34. Ree2 Qg6 35. Re1 Qxd3 36. Rg1 Qd8 37. Rxg7 Rxg7 38. Re2 Qe8 39. axb5 axb5 40. e7 h6 41. Qf6 Kh7 42. Qf5+ Rg6 43. Qf8 Bc6 44. h4 Bd7 45. Rg2 Rxg2+ 46. Kxg2 Qg6+ 47. Kf2 Be8 48. Ke3 Qe6+ 49. Kf4 Bg6 50. b4 Qe4+ 51. Kg3 Qe3+ 52. Kh2 Qd2+ 53. Kg1 Qe1+ 54. Kg2 c4 55. Qd8 Be4+ 56. Kh3 Qe3+ 0-1

[Event "EYCC 2017"]
[Site "Mamaia"]
[Date "2017.09.09"]
[Round "5"]
[White "Can, Isik"]
[Black "Lazavik, Denis"]
[Result "1-0"]
[WhiteElo "2239"]
[BlackElo "1989"]
[Annotator "NA"]
[PlyCount "135"]
[EventDate "2017.??.??"]
[EventType "swiss"]
[EventCountry "ROU"]
[SourceTitle "playchess.com"]
[Source "ChessBase"]
[SourceQuality "1"]

1. e4 e5 2. Nf3 Nc6 3. Bb5 a6 4. Bxc6 dxc6 5. O-O Bg4 6. h3 h5 7. d3 Qf6 8. Nbd2 Ne7 9. Re1 Ng6 10. d4 Bd6 11. hxg4 hxg4 12. Nh2 Rxh2 13. Qxg4 Qh4 14. Qxh4 Rxh4 15. Nf3 Rh5 16. Be3 O-O-O 17. g3 exd4 18. Bxd4 f6 19. Kg2 c5 20. Bc3 c4 21. a4 Rhh8 22. a5 Be5 23. Nxe5 Nxe5 24. f3 Nf7 25. Ra4 Nd6 26. f4 Rh5 27. e5 fxe5 28. fxe5 Nb5 29. Rxc4 Re8 30. g4 Rg5 31. Kg3 Nxc3 32. Kf4 Rg6 33. Rxc3 Rf8+ 34. Kg3 Re6 35. Rc5 g5 36. Re3 Rfe8 37. Kf3 Rf8+ 38. Kg3 Rfe8 39. Kf2 c6 40. Ke2 Kd7 41. Kd3 Rf8 42. Rc4 Kc7 43. Rce4 Rd8+ 44. Kc4 Rde8 45. Kc5 Rd8 46. c4 Rde8 47. b4 R8e7 48. Rf3 Rxe5+ 49. Rxe5 Rxe5+ 50. Kd4 Re7 51. Rf5 Rd7+ 52. Kc5 Rg7 53. Rf6 Re7 54. Rg6 Re5+ 55. Kd4 Re7 56. Rxg5 b6 57. axb6+ Kxb6 58. Re5 Rd7+ 59. Ke4 Rd1 60. g5 Re1+ 61. Kf5 Rf1+ 62. Ke6 c5 63. Rxc5 Rb1 64. g6 Rxb4 65. Rc8 Rb1 66. g7 Re1+ 67. Kd5 Rd1+ 68. Ke4 1-0

[Event "EYCC 2017"]
[Site "Mamaia"]
[Date "2017.09.09"]
[Round "5"]
[White "De Boer, Eelke"]
[Black "Henderson de La Fuente, Lance"]
[Result "1/2-1/2"]
[WhiteElo "2233"]
[BlackElo "2408"]
[Annotator "TA"]
[PlyCount "116"]
[EventDate "2017.??.??"]
[EventType "swiss"]
[EventCountry "ROU"]
[SourceTitle "playchess.com"]
[Source "ChessBase"]
[SourceQuality "1"]

1. e4 e6 2. d4 d5 3. Nc3 Nf6 4. Bg5 Bb4 5. e5 h6 6. Be3 Ne4 7. Qg4 Kf8 8. Nge2 c5 9. dxc5 Nc6 10. O-O-O Bxc3 11. Nxc3 Nxc3 12. bxc3 Qa5 13. Kb2 b6 14. cxb6 axb6 15. a4 Ba6 16. Bd3 Kg8 17. Ra1 Bxd3 18. cxd3 Kh7 19. Kc2 Nxe5 20. Qd4 Nd7 21. Rhb1 Rhc8 22. Qb4 Qxb4 23. Rxb4 Rc6 24. Rab1 Kg6 25. Bd4 h5 26. Bxb6 Nxb6 27. Rxb6 Rxb6 28. Rxb6 Rxa4 29. Kb2 Kf6 30. Rb4 Ra7 31. c4 dxc4 32. dxc4 Ke5 33. Rb5+ Kd4 34. Kb3 g6 35. Rb8 Ra1 36. Rd8+ Kc5 37. Rc8+ Kd4 38. Rd8+ Kc5 39. Rc8+ Kd4 40. Rf8 Rb1+ 41. Kc2 Rh1 42. Rxf7 Rxh2 43. Rf4+ Kc5 44. g3 g5 45. Rf8 Kxc4 46. Kd2 h4 47. gxh4 gxh4 48. Ke3 h3 49. Kf3 Kd4 50. Kg3 Rh1 51. Rf4+ Kd3 52. Rh4 Rg1+ 53. Kf3 Rh1 54. Kg3 e5 55. Rxh3 Rxh3+ 56. Kxh3 e4 57. Kg3 e3 58. fxe3 Kxe3 1/2-1/2

[Event "EYCC 2017"]
[Site "Mamaia"]
[Date "2017.09.09"]
[Round "5"]
[White "Haring, Filip"]
[Black "Gharibyan, Mamikon"]
[Result "0-1"]
[WhiteElo "2232"]
[BlackElo "2365"]
[Annotator "TA"]
[PlyCount "72"]
[EventDate "2017.??.??"]
[EventType "swiss"]
[EventCountry "ROU"]
[SourceTitle "playchess.com"]
[Source "ChessBase"]
[SourceQuality "1"]

1. e4 e6 2. d4 d5 3. Nd2 c5 4. exd5 Qxd5 5. Ngf3 cxd4 6. Bc4 Qd6 7. O-O Nf6 8. Nb3 Nc6 9. Nbxd4 Nxd4 10. Nxd4 a6 11. Re1 Qc7 12. Bb3 Bd7 13. Qf3 O-O-O 14. Bf4 Bd6 15. Bxd6 Qxd6 16. Rad1 Qc7 17. Re3 Kb8 18. Rc3 Qb6 19. Bc4 Ba4 20. Rcd3 Qc7 21. Bb3 Bxb3 22. Nxb3 Rc8 23. c3 h5 24. Qg3 e5 25. Qxg7 Ng4 26. Rd7 Qb6 27. Rxf7 Rcg8 28. Rxb7+ Qxb7 29. Qxb7+ Kxb7 30. h3 Nf6 31. Rd6 Ne4 32. Na5+ Kc7 33. Rc6+ Kd7 34. f3 Nd6 35. Rc5 Rb8 36. Rd5 Rb5 0-1

[Event "EYCC 2017"]
[Site "Mamaia"]
[Date "2017.09.09"]
[Round "5"]
[White "Sliwicka, Alicja"]
[Black "Nastase, Andreea-Cristina"]
[Result "1-0"]
[WhiteElo "2230"]
[BlackElo "1986"]
[Annotator "TA"]
[PlyCount "167"]
[EventDate "2017.??.??"]
[EventType "swiss"]
[EventCountry "ROU"]
[SourceTitle "playchess.com"]
[Source "ChessBase"]
[SourceQuality "1"]

1. e4 c5 2. c4 Nc6 3. Ne2 g6 4. d4 cxd4 5. Nxd4 Nf6 6. Nc3 Nxd4 7. Qxd4 d6 8. Be3 Bg7 9. f3 O-O 10. Qd2 Be6 11. Rc1 Rc8 12. b3 Qa5 13. Be2 a6 14. Na4 Qxd2+ 15. Kxd2 Nd7 16. g4 f5 17. exf5 gxf5 18. h3 f4 19. Bf2 Bf7 20. Nc3 e6 21. Ne4 Nc5 22. Ng5 a5 23. Nxf7 Kxf7 24. Rhd1 Bb2 25. Rb1 Ba3 26. Ke1 Rcd8 27. Kf1 Bb4 28. Bd4 e5 29. Bb2 Ne6 30. Bd3 Bc5 31. a3 h5 32. Bc3 hxg4 33. hxg4 b6 34. b4 axb4 35. axb4 Be3 36. Ra1 Ng5 37. Kg2 Rh8 38. Rh1 Rxh1 39. Rxh1 Ra8 40. Ra1 Rxa1 41. Bxa1 Kf6 42. Bc3 Ne6 43. Be1 Kf7 44. Bh4 Bd2 45. b5 Nc5 46. Bc2 Be3 47. Kh3 Ne6 48. g5 Nd4 49. Be4 Ne2 50. Kg4 Ng3 51. Bd3 Kg7 52. g6 e4 53. fxe4 Kxg6 54. Be7 Nh1 55. Bc2 Nf2+ 56. Kf3 Nh3 57. e5+ Kf7 58. exd6 Ng1+ 59. Ke4 Ne2 60. Bd3 Nc1 61. Bf1 Nb3 62. Kd5 Nd2 63. Bh3 Bc5 64. Be6+ Ke8 65. Bg5 Bxd6 66. Kxd6 Ne4+ 67. Kc6 Nxg5 68. Bg4 f3 69. Kxb6 f2 70. Be2 Kd7 71. Ka7 Ne6 72. b6 Nd4 73. Bf1 Nc6+ 74. Kb7 Nd8+ 75. Ka6 Kc8 76. Kb5 Ne6 77. c5 Nd4+ 78. Kc4 Nf3 79. Kd5 Nd2 80. Ba6+ Kd8 81. Kd6 Ne4+ 82. Kc6 Nf6 83. b7 Nd7 84. Bf1 1-0

[Event "EYCC 2017"]
[Site "Mamaia"]
[Date "2017.09.09"]
[Round "5"]
[White "Trimitzios, Petros"]
[Black "Matviishen, Viktor"]
[Result "0-1"]
[WhiteElo "2191"]
[BlackElo "2431"]
[Annotator "TA"]
[PlyCount "89"]
[EventDate "2017.??.??"]
[EventType "swiss"]
[EventCountry "ROU"]
[SourceTitle "playchess.com"]
[Source "ChessBase"]
[SourceQuality "1"]

1. d4 Nf6 2. c4 e6 3. g3 c5 4. d5 exd5 5. cxd5 b5 6. a4 b4 7. Bg2 d6 8. Nd2 Nbd7 9. Ngf3 g6 10. O-O Bg7 11. a5 Ba6 12. Re1 O-O 13. e4 Re8 14. Qc2 Rb8 15. Bf1 b3 16. Qb1 Bxf1 17. Kxf1 Rb4 18. Qd3 c4 19. Nxc4 Nc5 20. Qe2 Rxe4 21. Ne3 Nxd5 22. Rd1 Ne7 23. Bd2 Ra4 24. Ng5 Rxa1 25. Rxa1 Re5 26. f4 Rxg5 27. fxg5 Qa8 28. Qg2 Qc8 29. Bb4 Bd4 30. Qf3 Qh3+ 31. Qg2 Qe6 32. Bxc5 dxc5 33. Nd1 Qf5+ 34. Ke1 Nd5 35. Qf1 Qxg5 36. Qc4 Qe5+ 37. Kd2 Be3+ 38. Ke2 Bd4+ 39. Kd2 Be3+ 40. Ke2 Bc1+ 41. Kf3 Qf5+ 42. Ke2 Qe5+ 43. Kf3 Bxb2 44. Nxb2 Qf6+ 45. Ke4 0-1

[Event "EYCC 2017"]
[Site "Mamaia"]
[Date "2017.09.09"]
[Round "5"]
[White "Kanakova, Natalie"]
[Black "Janiashvili, Mariami"]
[Result "0-1"]
[WhiteElo "2186"]
[BlackElo "1875"]
[Annotator "NA"]
[PlyCount "108"]
[EventDate "2017.??.??"]
[EventType "swiss"]
[EventCountry "ROU"]
[SourceTitle "playchess.com"]
[Source "ChessBase"]
[SourceQuality "1"]

1. e4 e6 2. d4 d5 3. Nc3 dxe4 4. Nxe4 Bd7 5. Nf3 Bc6 6. Bd3 Nd7 7. O-O Ngf6 8. Qe2 Nxe4 9. Bxe4 Bxe4 10. Qxe4 c6 11. c4 Nf6 12. Qe2 Be7 13. Bd2 O-O 14. Bc3 Qc7 15. Rad1 Rad8 16. Ne5 Nd7 17. Ng4 Qf4 18. Bd2 Qf5 19. Ne3 Qg6 20. f4 Qe4 21. Qf2 Bf6 22. Bc3 c5 23. Ng4 Bxd4 24. Bxd4 cxd4 25. Rxd4 Qf5 26. Ne3 Qf6 27. Rfd1 Nb6 28. Ng4 Qe7 29. b3 Nc8 30. R1d3 a5 31. Kf1 Rxd4 32. Qxd4 Qh4 33. Nf2 Ne7 34. Qd8 g6 35. g3 Qf6 36. Qxa5 Nc6 37. Qd2 Ra8 38. a4 Ra5 39. Ng4 Qa1+ 40. Kg2 h5 41. Nf2 h4 42. g4 Ra8 43. Rd7 Qb1 44. Qd3 Qc1 45. Qd2 Qb1 46. f5 h3+ 47. Kxh3 Qf1+ 48. Kg3 Qg1+ 49. Kf4 Qxh2+ 50. Kg5 Ne5 51. Rd8+ Rxd8 52. Qxd8+ Kh7 53. fxg6+ Nxg6 54. Nh3 Qe5# 0-1

[Event "EYCC 2017"]
[Site "Mamaia"]
[Date "2017.09.09"]
[Round "5"]
[White "Mammadov, Sadig"]
[Black "Yeritsyan, Aram"]
[Result "0-1"]
[WhiteElo "2099"]
[BlackElo "2264"]
[Annotator "TA"]
[PlyCount "68"]
[EventDate "2017.??.??"]
[EventType "swiss"]
[EventCountry "ROU"]
[SourceTitle "playchess.com"]
[Source "ChessBase"]
[SourceQuality "1"]

1. e4 e5 2. Nf3 Nc6 3. Bb5 a6 4. Ba4 Nf6 5. d3 b5 6. Bb3 Be7 7. O-O O-O 8. Re1 d6 9. Nbd2 Na5 10. Nf1 Nxb3 11. axb3 c5 12. Ng3 Re8 13. h3 Bf8 14. c4 Be6 15. Bg5 h6 16. Be3 a5 17. Nd2 Qb6 18. Qf3 Nh7 19. Nf5 Be7 20. g4 a4 21. Kh2 Bg5 22. h4 Bxe3 23. Qxe3 axb3 24. cxb5 Bxf5 25. exf5 Rxa1 26. Rxa1 d5 27. Nxb3 Qxb5 28. Ra3 Nf6 29. f3 e4 30. Nd2 exf3 31. Qxf3 Qxb2 32. Qg2 Qxa3 33. g5 Qxd3 34. gxf6 Re2 0-1

[Event "EYCC 2017"]
[Site "Mamaia"]
[Date "2017.09.09"]
[Round "5"]
[White "Allahverdiyeva, Ayan"]
[Black "Nguyen, Thao Nhi"]
[Result "1-0"]
[WhiteElo "2042"]
[BlackElo "1747"]
[Annotator "NA"]
[PlyCount "57"]
[EventDate "2017.??.??"]
[EventType "swiss"]
[EventCountry "ROU"]
[SourceTitle "playchess.com"]
[Source "ChessBase"]
[SourceQuality "1"]

1. e4 Nf6 2. e5 Nd5 3. d4 d6 4. c4 Nb6 5. f4 dxe5 6. fxe5 Nc6 7. Be3 Bf5 8. Nc3 e6 9. Nf3 Be7 10. d5 exd5 11. cxd5 Nb4 12. Nd4 Bd7 13. e6 fxe6 14. dxe6 Bc6 15. Qg4 Bh4+ 16. g3 O-O 17. gxh4 Bxh1 18. O-O-O Qf6 19. Be2 Bc6 20. Bg5 Qe5 21. e7 Rfe8 22. Nf5 h5 23. Qxb4 Qxf5 24. Bxh5 g6 25. Be2 a5 26. Qd4 Bd7 27. Rf1 Qh3 28. Rf3 Qxh2 29. Bc4+ 1-0

[Event "EYCC 2017"]
[Site "Mamaia"]
[Date "2017.09.09"]
[Round "5"]
[White "Vilcu, Matei-Stefan"]
[Black "Murzin, Volodar"]
[Result "0-1"]
[WhiteElo "1977"]
[BlackElo "2280"]
[Annotator "TA"]
[PlyCount "87"]
[EventDate "2017.??.??"]
[EventType "swiss"]
[EventCountry "ROU"]
[SourceTitle "playchess.com"]
[Source "ChessBase"]
[SourceQuality "1"]

1. b3 e5 2. Bb2 Nc6 3. g3 g6 4. Bg2 Bg7 5. d3 Nge7 6. e3 O-O 7. Ne2 d6 8. O-O Be6 9. h3 f5 10. Nd2 Qd7 11. c4 Rad8 12. Qc2 Bf7 13. Rad1 h6 14. f4 d5 15. Nf3 dxc4 16. dxc4 Qe6 17. a3 e4 18. Nfd4 Nxd4 19. Nxd4 Qb6 20. Kh1 c5 21. Nb5 Bxb2 22. Qxb2 a6 23. Qe5 Nc6 24. Qc7 Qxc7 25. Nxc7 Na5 26. Rfe1 Nxb3 27. Bf1 Nd2 28. Nd5 Nxf1 29. Rxf1 Bxd5 30. cxd5 Rd6 31. Rd2 Rfd8 32. Rfd1 b5 33. Kg2 Kf7 34. Kf2 R8d7 35. Ke2 Ke7 36. Ke1 Kd8 37. Ke2 Kc7 38. Ke1 Kb6 39. g4 c4 40. gxf5 gxf5 41. Rg2 Rxd5 42. Rxd5 Rxd5 43. Rg6+ Kb7 44. Kf2 0-1

[Event "EYCC 2017"]
[Site "Mamaia"]
[Date "2017.09.09"]
[Round "5"]
[White "Avetisyan, Mariam"]
[Black "Kubicka, Anna"]
[Result "1/2-1/2"]
[WhiteElo "1976"]
[BlackElo "2221"]
[Annotator "TA"]
[PlyCount "138"]
[EventDate "2017.??.??"]
[EventType "swiss"]
[EventCountry "ROU"]
[SourceTitle "playchess.com"]
[Source "ChessBase"]
[SourceQuality "1"]

1. d4 Nf6 2. Nf3 c5 3. d5 d6 4. Nc3 g6 5. e4 Bg7 6. Bb5+ Nbd7 7. a4 O-O 8. O-O a6 9. Bd3 Ng4 10. Nd2 Nge5 11. Be2 g5 12. Nb3 h6 13. Be3 Ng6 14. g3 Nf6 15. f4 gxf4 16. gxf4 e6 17. dxe6 fxe6 18. Kh1 b6 19. Rg1 Kh7 20. Qd3 Bb7 21. Bf3 e5 22. f5 Nh4 23. Raf1 c4 24. Qxc4 Rc8 25. Qe2 Rxc3 26. bxc3 Nxf3 27. Rxf3 Nxe4 28. Qg2 Ng5 29. Nd2 Rf7 30. Bxg5 Qxg5 31. Qxg5 hxg5 32. Rxg5 Bh6 33. Rh5 Kg7 34. Kg1 Bxd2 35. Rd3 Bf4 36. Rxd6 Be4 37. a5 bxa5 38. Rg6+ Kf8 39. Rh8+ Ke7 40. Re6+ Kd7 41. Rxa6 Be3+ 42. Kf1 Bf3 43. f6 Bc6 44. Rxa5 Rxf6+ 45. Ke2 Bf4 46. Rh7+ Kd6 47. h4 Rg6 48. Rf7 Rg2+ 49. Kd3 Ke6 50. Rf8 Rg3+ 51. Kc4 Bd2 52. Ra3 Bd5+ 53. Kc5 Be3+ 54. Kb5 Rg1 55. c4 Rb1+ 56. Rb3 Rxb3+ 57. cxb3 Bg2 58. h5 Ke7 59. Rh8 e4 60. h6 Bd4 61. Rg8 Bf3 62. h7 e3 63. Rg1 e2 64. Re1 Kf7 65. c5 Kg7 66. c6 Be5 67. Kb6 Bd4+ 68. Kb5 Be5 69. Kb6 Bd4+ 1/2-1/2

[Event "EYCC 2017"]
[Site "Mamaia"]
[Date "2017.09.09"]
[Round "5"]
[White "Jarocka, Liwia"]
[Black "Koubova, Anna Marie"]
[Result "1/2-1/2"]
[WhiteElo "1970"]
[BlackElo "1805"]
[Annotator "NA"]
[PlyCount "67"]
[EventDate "2017.??.??"]
[EventType "swiss"]
[EventCountry "ROU"]
[SourceTitle "playchess.com"]
[Source "ChessBase"]
[SourceQuality "1"]

1. e4 c5 2. Nf3 e6 3. d4 cxd4 4. Nxd4 Nf6 5. Nc3 Nc6 6. a3 Be7 7. Nxc6 bxc6 8. e5 Nd5 9. Qg4 g6 10. Ne4 f5 11. exf6 Nxf6 12. Nxf6+ Bxf6 13. Bd3 Qe7 14. O-O O-O 15. c3 d5 16. Bh6 Rf7 17. Be3 e5 18. Qa4 Bd7 19. Qc2 e4 20. Be2 Be5 21. Bd4 Bd6 22. b4 Qh4 23. g3 Qh3 24. Rfe1 Bg4 25. c4 Bxe2 26. Qxe2 Rf5 27. Qf1 Qxf1+ 28. Kxf1 Be5 29. Rad1 Bxd4 30. Rxd4 Raf8 31. Rd2 Kf7 32. b5 cxb5 33. cxd5 Rd8 34. d6 1/2-1/2